A powerful tool (Record no. 83529)

MARC details
000 -LEADER
fixed length control field 00845cab a22002055a 4500
001 - CONTROL NUMBER
control field L154200
008 - FIXED-LENGTH DATA ELEMENTS--GENERAL INFORMATION
fixed length control field 111031e20111022xxk 000 0 eng d
035 ## - SYSTEM CONTROL NUMBER
System control number (Sirsi) u154200
041 0# - LANGUAGE CODE
Language code of text/sound track or separate title eng
100 1# - MAIN ENTRY--PERSONAL NAME
Personal name Edwards, Chris
245 02 - TITLE STATEMENT
Title A powerful tool
260 ## - PUBLICATION, DISTRIBUTION, ETC.
Date of publication, distribution, etc. 2011
490 ## - SERIES STATEMENT
Series statement Estates Gazette
Volume/sequential designation (1142) 22 October 2011, 112-114(2)
520 ## - SUMMARY, ETC.
Summary, etc. New features of the RICS Code of Practice on Service Charges second edition. Notes that many aspects of the first edition have been retained but some have been amended and new ones added. Visit http://www.rics.org/servicechargecode for further details and the code.
590 ## - LOCAL NOTE (RLIN)
Local note KA
651 #4 - SUBJECT ADDED ENTRY--GEOGRAPHIC NAME
Geographic name United Kingdom
690 ## - LOCAL SUBJECT ADDED ENTRY--TOPICAL TERM (OCLC, RLIN)
Topical term or geographic name as entry element PROPERTY-COMMERCIAL PROPERTY-LEASEHOLD COMMERCIAL PROPERTY-COMMERCIAL LANDLORD AND TENANT-COMMERCIAL SERVICE CHARGES
700 1# - ADDED ENTRY--PERSONAL NAME
Personal name Highmore, Sue
942 ## - ADDED ENTRY ELEMENTS (KOHA)
Suppress in OPAC 0
Holdings
Withdrawn status Lost status Source of classification or shelving scheme Damaged status Not for loan Home library Current library Shelving location Date acquired Total Checkouts Full call number Barcode Date last seen Copy number Price effective from Koha item type
    Dewey Decimal Classification     London London Journal article 31/10/2011   L154200 154200-1001 06/08/2019 1 06/08/2019 Journal article